Loading...
HR @ heart of business /
| Main Author: | |
|---|---|
| Other Authors: | , |
| Format: | Printed Book |
| Published: |
New Delhi :
Excel Books ,
2001.
|
| Subjects: |
| LEADER | 00537cam a2200169ua 4500 | ||
|---|---|---|---|
| 020 | |a 81-7446-320-8 | ||
| 082 | 1 | 4 | |a 658.3 |b RAO-H |
| 100 | 1 | |a Rao, T V,Ed . | |
| 245 | 0 | 0 | |a HR @ heart of business / |
| 260 | |a New Delhi : |b Excel Books , |c 2001. | ||
| 300 | |a 193p ; | ||
| 650 | 0 | |a Human resources | |
| 700 | |a Gangopadhyay,A,Ed. | ||
| 700 | |a Mani,R S S,Ed. | ||
| 942 | |c BK | ||
| 999 | |c 34881 |d 34881 | ||
| 952 | |0 0 |1 0 |4 0 |6 658_300000000000000_RAOH |7 0 |9 44683 |a KU |b KU |d 2015-07-05 |e KU/Pl.D./UGC/786/05 dtd.18/06/2005 |l 0 |o 658.3 RAO-H |p MB02284 |r 2020-12-24 |y BK | ||